| 000 | 01527nam a2200457 a 4500 | ||
|---|---|---|---|
| 001 | ocn660802030 | ||
| 003 | OCoLC | ||
| 005 | 20200320185542.0 | ||
| 008 | 100831s2012 nyua j b 001 0 eng | ||
| 010 | _a 2010035221 | ||
| 020 | _a9781433945793 (library binding) | ||
| 020 | _a1433945797 (library binding) | ||
| 020 | _a9781433945809 (pbk.) | ||
| 020 | _a1433945800 (pbk.) | ||
| 020 | _a9781433945816 | ||
| 020 | _a1433945819 | ||
| 020 | _c16.95 | ||
| 035 | _a(OCoLC)660802030 | ||
| 037 |
_a1330760 _bQBI |
||
| 040 |
_aDLC _beng _cDLC _dQBX _dSINLB _dWACOL |
||
| 049 | _aWACL | ||
| 050 | 0 | 0 |
_aQL544.2 _b.A843 2012 |
| 082 | 0 | 0 |
_a595.78/9 _222 |
| 092 |
_aE _bAsh |
||
| 100 | 1 |
_aAshley, Susan. _95867769 |
|
| 245 | 1 | 0 |
_aIncredible butterflies / _cSusan Ashley. |
| 260 |
_aNew York : _bGareth Stevens Pub., _cc2012. |
||
| 300 |
_a24 p. : _bcol. ill. ; _c19 cm. |
||
| 490 | 1 | _aThe incredible world of insects | |
| 490 | 1 | _aGS. Science | |
| 500 | _aIncludes bibliographical rferences (p.23) and index. | ||
| 504 | _aIncludes bibliographical references (p. 23) and index. | ||
| 650 | 0 |
_aButterflies _vJuvenile literature. _95683682 |
|
| 800 | 1 |
_aAshley, Susan. _tIncredible world of insects. _95867770 |
|
| 830 | 0 |
_aGS leveled reader. _pScience. _95867771 |
|
| 938 |
_aQuality Books, Inc. _bQUAL _na 10035221 |
||
| 942 |
_cBOOK _022 |
||
| 948 |
_a11/16/2011 _zSirsi |
||
| 994 |
_a02 _bWACOL |
||
| 996 |
_a87208 _b34301001035106 _cE _dbk _ewcl _fi _g22 _h16.95 _llib choice _mAsh _p11/16/2011 _q09/14/2019 _r09/09/2019 |
||
| 999 |
_c276497 _d276497 |
||